[Event "Hoogovens"]
[Site "Wijk aan Zee"]
[Date "1996.01.20"]
[Round "6"]
[White "Timman, Jan H"]
[Black "Van Wely, Loek"]
[Result "0-1"]
[WhiteElo "2620"]
[BlackElo "2570"]
[Annotator "Boensch,U"]
[PlyCount "114"]
[EventDate "1996.01.13"]
[EventType "tourn"]
[EventRounds "13"]
[EventCountry "NED"]
[EventCategory "17"]
[SourceTitle "CBM 051"]
[Source "ChessBase"]
[SourceDate "1996.04.01"]
[SourceVersion "1"]
[SourceVersionDate "1996.04.01"]
[SourceQuality "1"]

1. e4 c5 2. Nf3 d6 3. Nc3 Nf6 4. d4 cxd4 5. Nxd4 a6 6. Bg5 e6 7. f4 Nbd7 8. Qf3
Qc7 9. O-O-O Be7 10. Qg3 (10. g4 b5 11. Bxf6 Nxf6 12. g5 Nd7 13. f5 Bxg5+ 14.
Kb1 O-O $5 15. fxe6 Nb6 16. Nd5 Nxd5 17. exd5 $14 {Kotronias,V-Djurhuus,R
Gausdal Int (08) 1995 1-0 38 - EXP 47}) (10. Bd3 b5 11. Rhe1 Bb7 12. Qh3 Nc5
13. a3 O-O-O 14. f5 e5 15. Nf3 Kb8 16. Bxf6 Bxf6 17. g4 h6 18. Kb1 Rc8 19. Qg2
Qb6 20. Bf1 $14 {Peng Xiaomin-Ye Jiangchuan Beijing Tan Chin Nam Cup (08) 1995
0-1 57 - CBM 49}) 10... h6 11. Bh4 g5 12. fxg5 Rg8 (12... Nh5 13. Qe3 Qc5 14.
Qd2 Bxg5 15. Bxg5 Qxg5 16. Nf3 Qxd2+ 17. Rxd2 Ke7 18. Be2 Nhf6 19. Rhd1 Ne8 20.
a4 b6 21. b3 Ra7 22. Kb2 Rc7 23. Rd4 Bb7 24. Nd2 Rg8 25. g3 Rg5 26. Rc4 {
1/2 Short,N-Georgiev,Ki Elenite (04) 1995 - CBM 50}) 13. Nf3 $146 (13. Be2 Ne5
14. Nf3 Nxf3 15. Qxf3 hxg5 16. Bg3 Bd7 17. Qd3 Bc6 18. Rhf1 {1/2 Sokolowski,
S-Kimpinsky,F Capelle la Grande op (3) 1991}) 13... Nh5 14. Qe1 (14. Qh3 $6
hxg5 15. Bf2 Nf4 $15) 14... hxg5 15. Bf2 b5 16. a3 Bb7 17. Kb1 (17. h4 $5)
17... Rc8 18. Bd3 Nf4 19. g3 Nh3 $1 {Auf Kosten des vorläufig abseits
stehenden N wird der K-Flügel blockiert.} (19... Nxd3 20. cxd3 Ne5 21. Nd4 $10)
20. Bd4 g4 21. Nh4 Ne5 (21... f5 22. exf5 e5 23. Be3 Bxh1 24. Qxh1 $44) 22. Rf1
Ng5 23. Qf2 Nc4 24. Bxc4 Qxc4 25. Be3 Nxe4 $1 26. Qxf7+ Kd7 27. Rd4 (27. Ng6
Nxc3+ 28. bxc3 Rxg6 $1 29. Qxg6 Be4 30. Qg7 Qb3+ 31. Ka1 Qxa3+ 32. Kb1 Qb3+ 33.
Ka1 Qa4+ 34. Kb2 Qxc2+ 35. Ka1 Rc4 $19) (27. Nxe4 Bxe4 28. Rc1 Rgf8 $19) 27...
Nxc3+ 28. bxc3 Rcf8 (28... Qxc3 $2 29. Rxd6+ $1 Kxd6 30. Bf4+ $1 (30. Nf5+ exf5
31. Bf4+ (31. Rd1+ Kc7 32. Qxe7+ Kb8 $19) 31... Kc5 32. Qxe7+ Kb6 33. Be3+ Ka5
$19) (30. Rd1+ Kc7 (30... Bd5 $4 31. Nf5+ Ke5 (31... Kc6 32. Nxe7+ $18) (31...
exf5 32. Qxd5+ Kc7 33. Qd7+ Kb8 34. Qa7#) 32. Bd4+ $18) 31. Qxe7+ Kb8 $19)
30... e5 (30... Kd7 31. Rd1+ Bd5 32. Rxd5+ exd5 33. Qxd5+ Ke8 (33... Bd6 34.
Qxd6+ Ke8 35. Qe6+ Kd8 (35... Kf8 36. Bh6+ Rg7 37. Ng6#) 36. Qxg8+ $18) 34.
Qxg8+ Kd7 (34... Bf8 35. Qg6+ Kd8 36. Qg5+ Ke8 (36... Be7 37. Qg8+ Kd7 38.
Qxg4+ Kd8 39. Qd1+ Ke8 40. Qh5+ $10) 37. Qg6+ $10) 35. Qxg4+ Kd8 36. Qg8+ $10)
31. Nf5+ (31. Rd1+ $2 Kc7 32. Qxe7+ Kb6 $19) 31... Kc7 32. Nxe7 Kb6 (32... Kb8
33. Bxe5+ Qxe5 34. Nxg8 Rxc2 $1 (34... Bd5 35. Nf6 $1 $14) 35. Qf4 (35. Kxc2 $4
Be4+ 36. Kd2 Qd4+ 37. Ke1 Qc3+ 38. Ke2 Bd3+ 39. Kf2 Qd4+ 40. Kg2 Be4+ $19)
35... Qxf4 36. Rxf4 Rxh2 37. Rxg4 $15) 33. Qe6+ Ka7 34. Nxc8+ Rxc8 35. Qxe5
Qxc2+ 36. Ka1 $10) 29. Rxd6+ (29. Rxc4 Rxf7 (29... bxc4 30. Qxf8 Rxf8 31. Rxf8
Bxf8 $17) 30. Rxf7 bxc4 $17) 29... Kxd6 30. Rd1+ Bd5 31. Nf5+ Kc6 (31... exf5
32. Bf4+ Kc6 33. Qxe7 Rc8 34. Qd6+ Kb7 35. Rxd5 Qxc3 36. Qd7+ Ka8 37. Qxf5 $44)
32. Nxe7+ Kd7 $2 (32... Kb7 33. Qh7 (33. Qxg8 Qa2+ 34. Kc1 Rxg8 35. Nxg8 Be4
$19) 33... Qa2+ 34. Kc1 Rh8 $19) 33. Nxd5+ Rxf7 34. Nb6+ Kc6 35. Nxc4 bxc4 $19
36. Rd4 e5 37. Rxc4+ Kd5 38. Ra4 Rf1+ 39. Ka2 Rh1 40. Rxa6 Rxh2 41. Rf6 (41.
Ra5+ Ke4 42. Bb6 Rxc2+ 43. Kb3 Rg2 44. Bc7 Re8 $19) 41... Rxc2+ 42. Kb3 Rg2 43.
Bf2 Rh8 44. c4+ Ke4 45. c5 Rhh2 46. Be1 Rh1 47. Bb4 Rxg3+ 48. Kc4 Rf3 49. Rg6
Rf4 50. Kb5 Kf3 51. c6 Rc1 52. Bd2 Rb1+ 53. Bb4 Rf7 54. Kb6 e4 55. c7 Rc1 56.
Bc5 Rxc7 57. Rf6+ Ke2 (57... Ke2 58. Kxc7 Rxc5+ 59. Kd6 Rg5 $19) 0-1

[Event "Seville op"]
[Site "Seville"]
[Date "1992.??.??"]
[Round "4"]
[White "Rodriguez Talavera, Juan Carlos"]
[Black "Nedobora, Mikhail"]
[Result "0-1"]
[WhiteElo "2375"]
[BlackElo "2355"]
[Annotator "Bulletin"]
[PlyCount "68"]
[EventDate "1992.??.??"]
[EventType "swiss"]
[EventRounds "9"]
[EventCountry "ESP"]
[SourceTitle "CBM 029"]
[Source "ChessBase"]
[SourceDate "1992.08.01"]
[SourceVersion "1"]
[SourceVersionDate "1992.08.01"]
[SourceQuality "1"]

1. e4 c5 2. Nf3 d6 3. d4 cxd4 4. Nxd4 Nf6 5. Nc3 a6 6. Bg5 e6 7. f4 Nbd7 8. Qf3
Qc7 9. O-O-O Be7 10. Bd3 b5 11. Rhe1 Bb7 12. Qg3 b4 {[#]} 13. Nd5 {[Una
entrega teórica]} exd5 14. e5 (14. exd5 Kd8 15. Qe3 Re8 16. Nf5 Nxd5 17. Qe2
N7b6 18. Qh5 $1 Bxg5 19. Qxg5+ f6 20. Rxe8+ $16 {Geller-Grigorian, URSS 1973})
14... dxe5 15. fxe5 Nh5 (15... Ne4 $6 16. Bxe4 Bxg5+ 17. Qxg5 dxe4 18. Nf5 Qxe5
19. Nd6+ Kf8 20. Qxe5 Nxe5 21. Nxb7 $16 {Chudinovski-Petrusin, URSS 1973}) 16.
Qh4 Bxg5+ 17. Qxg5 g6 18. e6 {[#][La teoría considera que el blanco estí mejor]
} Ndf6 19. exf7+ Kxf7 20. Rf1 Rhe8 21. g4 Qe5 22. Qh6 Ng7 23. g5 Qe3+ 24. Kb1
Kg8 25. Bxg6 hxg6 26. Qxg6 Qe4 27. Nf5 Nfh5 28. Nh6+ Kh8 29. Nf7+ Kg8 {[#]} 30.
Qh6 $2 {[Había que conformarse con el jaque continuo]} Nf4 31. Qf6 Ng6 32. Nh6+
Kh7 33. Qb6 Re7 34. Nf7 Rf8 0-1

[Event "Canadian op 51st"]
[Site "Montreal"]
[Date "2014.07.24"]
[Round "7"]
[White "Van Kampen, Robin"]
[Black "Fedorowicz, John P"]
[Result "1-0"]
[WhiteElo "2636"]
[BlackElo "2422"]
[Annotator "CB"]
[PlyCount "81"]
[EventDate "2014.07.19"]
[EventType "swiss"]
[EventRounds "9"]
[EventCountry "CAN"]
[SourceTitle "CBM 161 Extra"]
[Source "ChessBase"]
[SourceDate "2014.08.29"]
[SourceVersion "1"]
[SourceVersionDate "2014.08.29"]
[SourceQuality "1"]

1. e4 c5 2. Nf3 d6 3. d4 cxd4 4. Nxd4 Nf6 5. Nc3 a6 6. Bg5 e6 7. f4 Be7 8. Qf3
Qc7 9. O-O-O Nbd7 10. g4 b5 11. Bxf6 Nxf6 12. g5 Nd7 13. f5 Bxg5+ 14. Kb1 Ne5
15. Qh5 Qd8 16. Nxe6 Bxe6 17. fxe6 g6 18. exf7+ Kxf7 19. Qh3 Kg7 20. Nd5 Ra7
21. Qg3 h5 22. Rg1 Bh6 {Schwarz hat nach der Eröffnung nicht optimal gespielt
und hat bereits eine schweren Stand.} 23. Be2 Kh7 24. Rdf1 {Alle weißen
Figuren sind am Angriff beteiligt, es droh bereits Lxh5 nebst Sf6+} h4 25. Qf2
Rf7 26. Qxf7+ $6 (26. Nf6+ $1 Kg7 27. Rxg6+ Kxg6 28. Rg1+ Bg5 29. Qf5+ Kg7 30.
Qxg5+ Kf8 31. Rf1 $18 {Schwarz ist paralysiert. Weiß kann sich mit Lh5 das
geopferte Material zurückholen und steht auf Gewinn.}) 26... Nxf7 27. Rxf7+
Bg7 28. Bh5 Rf8 (28... g5 {wäre zäher gewesen} 29. Bg4 Rf8 30. Bf5+ Kh8 31.
Rc7 $16) 29. Bxg6+ Kh8 30. Re7 Bd4 31. Rd1 Bg7 32. a3 {Weiß hat keine Eile}
Qc8 33. Bf5 Rxf5 34. exf5 $2 (34. Rc7 $3 {denn im Vergleich zur Partie ist nun
e7 für den Springer frei, was ein taktisches Motiv ermöglicht. Vermutlich
befanden sich beide Spieler in großer Zeitnot.} Qe6 35. exf5 Qxf5 36. Rg1 Bf8
$8 $18 {der Läufer ist nun deutlich passiver als in der Partie.} (36... Bd4
37. Rg8+)) 34... Qxf5 35. Rg1 Bd4 36. Ne3 Qf6 $2 (36... Qh3 $1 37. Rf1 Kg8 $1
38. Re1 (38. Rff7 Bxe3 39. Rg7+ Kf8 40. Rgf7+ Kg8 {mit remis}) 38... Qxh2 39.
Nf5 Be5 {wäre deutlich zäher gewesen}) 37. Re4 Bxe3 38. Rxe3 Qf2 39. Ree1
Qxh2 40. Rh1 Qg3 41. Reg1 {eine gerechtfertigte Aufgabe. Weiß gewinnt den
Bauern auf h4 und kann dann nach Belieben ein Bauernendspiel 3 vs. 2
herbeiführen.} 1-0

[Event "Lone Pine op Louis D. Statham Masters"]
[Site "Lone Pine"]
[Date "1979.03.28"]
[Round "4"]
[White "Silman, Jeremy D"]
[Black "Tarjan, James Edward"]
[Result "0-1"]
[WhiteElo "2370"]
[BlackElo "2525"]
[Annotator "ChessBase"]
[PlyCount "79"]
[EventDate "1979.03.25"]
[EventType "swiss"]
[EventRounds "9"]
[EventCountry "USA"]
[SourceTitle "MCL"]
[Source "ChessBase"]
[SourceDate "1999.07.01"]
[SourceVersion "1"]
[SourceVersionDate "1999.07.01"]
[SourceQuality "1"]

1. e4 c5 2. Nf3 d6 3. d4 cxd4 4. Nxd4 Nf6 5. Nc3 a6 6. Bg5 e6 7. f4 Be7 8. Qf3
Qc7 9. O-O-O Nbd7 10. Bd3 h6 11. h4 hxg5 12. hxg5 Rf8 13. gxf6 Bxf6 14. Nde2
Nc5 15. Kb1 Rb8 16. g4 b5 17. g5 Be7 18. Rdg1 Bb7 19. Rh7 g6 20. a3 Bc6 21. b4
Nxd3 22. Qxd3 d5 23. exd5 Rd8 24. Qe3 Bxd5 25. f5 exf5 26. Nf4 Bc4 27. Re1 Rd7
28. Qf3 Qb7 29. Qxb7 Rxb7 30. Ncd5 Bxd5 31. Nxd5 Kd8 32. Nf4 Rd7 33. Nd3 Rc7
34. Ne5 Bxg5 35. Rd1+ Kc8 36. Rd6 Rd8 37. Rxa6 Rd1+ 38. Ka2 Kb7 39. Ra5 Kb6 40.
a4 $19 {time} 0-1

[Event "Ciocaltea Memorial"]
[Site "Bucharest"]
[Date "1994.??.??"]
[Round "9"]
[White "Stripunsky, Alexander"]
[Black "Istratescu, Andrei"]
[Result "1/2-1/2"]
[WhiteElo "2510"]
[BlackElo "2505"]
[Annotator "Ernst,T"]
[PlyCount "106"]
[EventDate "1994.02.??"]
[EventType "tourn"]
[EventRounds "13"]
[EventCountry "ROU"]
[EventCategory "9"]
[SourceTitle "CBM 040"]
[Source "ChessBase"]
[SourceDate "1994.06.01"]
[SourceVersion "1"]
[SourceVersionDate "1994.06.01"]
[SourceQuality "1"]

1. e4 c5 2. Nf3 d6 3. d4 cxd4 4. Nxd4 Nf6 5. Nc3 a6 6. Bg5 e6 7. f4 Be7 8. Qf3
Qc7 9. O-O-O Nbd7 10. g4 b5 11. Bxf6 gxf6 12. f5 Ne5 13. Qh3 O-O 14. Rg1 $1 Kh8
15. Nce2 Rg8 16. Rg3 Bd7 (16... Bb7 17. Bg2 Nc6 $13 {Maciejewski,
M-Malishauskas,V/Miedzybrodzie/1991/} (17... d5 $2 18. Nf4 Bc5 19. Qxh7+ Kxh7
20. Rh3+ $16 {Hamalainen;s-Gullulu,S/Arnhem EU.chJ/1988/})) 17. Nf4 Rac8 18.
Kb1 Qb7 19. Bd3 $5 (19. Bg2 Qb6 {Wolff,P-De Firmian,N/New York/1989/} 20. fxe6
fxe6 21. Ndxe6 Bxe6 22. Nxe6 Qf2 23. Rc1 Nc4 24. a3 f5 25. exf5 Bf6 26. Qh6
Bxb2 27. Qxh7+ Kxh7 28. Rh3+ $18) 19... Nxd3 20. cxd3 e5 21. Nd5 Bd8 22. Nc2 b4
23. d4 (23. Ncxb4 a5 24. Nc2 Rb8 25. b3 a4 $13) 23... a5 24. Qh6 Qc6 25. Rc1
Rg7 26. Nxf6 Bxf6 27. Qxf6 Qxe4 28. Qxd6 Bb5 29. dxe5 f6 $16 30. Qd4 (30. exf6
$2 Rd7 31. Qe6 Qxc2+ 32. Rxc2 Rd1+ $19) (30. e6 Rgc7 $13) 30... Qxe5 31. Qxe5
fxe5 32. Ne1 Rgc7 33. Rxc7 Rxc7 34. b3 (34. Re3 $16) 34... Kg7 35. Nc2 e4 36.
Ne3 Rd7 37. g5 Rd2 38. Rg2 Rd3 $44 39. Rg3 Rd2 40. Rg2 Rd3 41. f6+ Kf8 (41...
Kg6 42. Rf2 $36) 42. Rg3 Rd2 43. h4 Rh2 44. Nf5 a4 45. bxa4 Bd3+ 46. Kc1 $8
Rxa2 47. Nd4 Ra1+ 48. Kd2 Rxa4 49. h5 Ra6 $1 50. Ke3 b3 51. Nxb3 Ra3 52. g6
hxg6 53. h6 (53. hxg6 Bc4 $1 $10) 53... Kf7 1/2-1/2

[Event "HUN-ch"]
[Site "Budapest"]
[Date "1995.??.??"]
[Round "2"]
[White "Groszpeter, Attila"]
[Black "Ruck, Robert"]
[Result "1/2-1/2"]
[WhiteElo "2520"]
[BlackElo "2460"]
[Annotator "Ernst,T"]
[PlyCount "68"]
[EventDate "1995.01.??"]
[EventType "tourn"]
[EventRounds "11"]
[EventCountry "HUN"]
[EventCategory "10"]
[SourceTitle "CBM 046"]
[Source "ChessBase"]
[SourceDate "1995.06.01"]
[SourceVersion "1"]
[SourceVersionDate "1995.06.01"]
[SourceQuality "1"]

1. e4 c5 2. Nf3 d6 3. d4 cxd4 4. Nxd4 Nf6 5. Nc3 a6 6. Bg5 e6 7. f4 Be7 8. Qf3
Qc7 9. O-O-O Nbd7 10. g4 b5 11. Bxf6 Nxf6 12. g5 Nd7 13. f5 Bxg5+ 14. Kb1 Ne5
15. Qh5 Qd8 16. Rg1 h6 (16... Bf6) 17. fxe6 g6 18. exf7+ {[#]} Kf8 $146 (18...
Kxf7 19. Qe2 Kg7 20. h4 $1 Bxh4 21. Nf5+ $16 {Bronstein,D-Browne,W/Reykjavik/
1990}) 19. Qe2 Ra7 20. Nf3 Qf6 (20... Nxf3 $2 21. Qxf3 Rxf7 22. Qd3 $1 {>< d6})
21. Nxg5 hxg5 22. Nd5 Qf3 23. Qe1 Rxh2 24. Bd3 Be6 25. Qb4 Rd7 26. Nb6 (26.
Rgf1 $6 Rf2 $1) 26... Rd8 27. Bxb5 axb5 28. Rxd6 Rxd6 29. Qxd6+ Kxf7 30. Qxe5
Rh1 {[#]} 31. Qc7+ (31. Qxg5 $2 Qd1+ 32. Rxd1 Rxd1+ 33. Qc1 Bxa2+ $19) 31...
Kg8 32. Qd8+ Kf7 33. Qc7+ Kg8 34. Qd8+ Kf7 1/2-1/2

[Event "Biel GM"]
[Site "Biel"]
[Date "2007.07.29"]
[Round "6"]
[White "Motylev, Alexander"]
[Black "Polgar, Judit"]
[Result "0-1"]
[WhiteElo "2648"]
[BlackElo "2707"]
[Annotator "Ftacnik,L"]
[PlyCount "104"]
[EventDate "2007.07.23"]
[EventType "tourn"]
[EventRounds "9"]
[EventCountry "SUI"]
[EventCategory "18"]
[SourceTitle "CBM 120"]
[Source "ChessBase"]
[SourceDate "2007.10.02"]
[SourceVersion "1"]
[SourceVersionDate "2007.10.02"]
[SourceQuality "1"]

1. e4 c5 2. Nf3 d6 3. d4 cxd4 4. Nxd4 Nf6 5. Nc3 a6 6. Bg5 e6 7. f4 Be7 8. Qf3
Qc7 9. O-O-O Nbd7 10. g4 b5 11. Bxf6 gxf6 $5 {Important decision by Polgar,
she had no desire to test the waters of the main line 11...Nxf6 12.g5 Nd7 13.
f5, where Black struggles to equalize lately.} 12. a3 Bb7 13. h4 h6 14. Rh2 (
14. f5 Ne5 15. Qh3 Qd7 16. Be2 O-O-O $13) 14... Nc5 15. Rhd2 {The
centralization of both rooks is unusual in this system, but limits Black's
counterplay.} (15. Kb1 Na4 16. Nxa4 bxa4 17. Qe2 Rb8 18. Bg2 $13) 15... h5 $5
16. g5 (16. gxh5 f5 17. Bd3 Bxh4 $11) 16... f5 17. Bd3 O-O-O 18. Qe3 fxe4 19.
Bxe4 {Motylev is prepared to exchange the bishop as the knights would be
controlling the whole center.} (19. Nxe4 Kb8 20. Kb1 Na4 21. c3 Nb6 22. Qf3 $14
) 19... d5 (19... Nxe4 20. Nxe4 Kb8 (20... d5 21. Nf2 $1 Bd6 22. Nd3 $16) 21.
Kb1 $14) 20. Bg2 Bd6 $1 21. Rf2 Kb8 22. Kb1 Rhe8 (22... Rhg8 23. Rdf1 Nd7 $14)
23. Rff1 $6 {White is losing time and the rook move is not very constructive.}
(23. Nce2 Na4 (23... e5 24. fxe5 Bxe5 25. Nf4 $14) (23... Ne4 24. Rff1 Qc4 $14)
24. Bf3 Nb6 25. Bxh5 Nc4 (25... Rh8 26. Qf3 Nc4 27. Ng3 $14) 26. Qg3 $14) 23...
Nd7 24. Nce2 (24. Qf3 Rh8 25. Na2 Nb6 $14) 24... Nb6 25. Ng3 Nc4 26. Qf3 Rc8 (
26... e5 27. fxe5 Nxe5 28. Qb3 Nc4 29. Ngf5 $16) 27. Nxh5 Rh8 $1 28. c3 (28.
Rf2 $2 Rxh5 29. Qxh5 Nxb2 $19) 28... Qa5 (28... Bxa3 $5 29. bxa3 Nxa3+ 30. Kb2
(30. Kc1 Rxh5 $19) (30. Ka2 Qa5 31. Rd3 Rxc3 $3 32. Rxc3 Nc4+ 33. Kb1 Qb4+ 34.
Rb3 Nd2+ 35. Kc2 Qxd4 36. Qd3 Nxb3 $19) 30... Nc4+ 31. Kb1 Na3+ $11) 29. Rd3 $2
{[%mdl 256] The first player had to pay the price for the untimely grabbing of
the h5 pawn. Polgar has managed to create very unpleasant threats on the
queenside. A defensive move with the rook will cost material and ultimately
also the game.} (29. Nf6 $1 Rxh4 (29... Bxa3 30. Nb3 Qa4 31. Nd7+ Ka8 (31...
Kc7 32. Nbc5 $16) 32. Nd2 Bc5 $14) (29... Nxa3+ 30. bxa3 Rxc3 31. Nb3 Rxf3 32.
Nxa5 Rxa3 33. Nxb7 Kxb7 34. Nxd5 exd5 35. Rxd5 $16) 30. Qg3 Rhh8 31. Rd3 Qc7
$15) 29... e5 $1 30. fxe5 Nxe5 31. Qf6 Qd8 $1 {Black shows her class with a
fine retreat of the queen. White's pieces are hanging in the air and the
consequences are dire.} (31... Nxd3 32. Qxd6+ Qc7 33. Qxc7+ Rxc7 34. Nf4 $11)
32. Nf4 (32. Qxd8 Rcxd8 33. Nf4 Nxd3 34. Nxd3 Rxh4 35. Rxf7 Rg4 $17) 32... Qxf6
33. gxf6 Nxd3 34. Nxd3 Rcg8 35. Bf3 Rh6 {Some caution is still required, but
the black position is already winning.} (35... Rxh4 $2 36. Nf5 $11) 36. Be2 Kc7
37. h5 Bc8 38. Kc1 (38. Nb4 Rg5 39. b3 Bh3 $17) 38... Bg4 39. Bxg4 Rxg4 40. Nb4
(40. Rf5 Rh4 41. Rxd5 R4xh5 42. Rxh5 Rxh5 $19) 40... Bxb4 41. axb4 Rxh5 {
The rest requires just a little bit of technique.} 42. Rf2 Kd6 43. Kb1 Rhg5 44.
Nf5+ Ke6 45. Nd4+ Kd7 46. Nb3 Rg2 47. Rf3 (47. Nc5+ Kd6 48. Rxg2 Rxg2 49. Nxa6
Rf2 $19) 47... R5g3 48. Rf4 Rh3 49. Nc5+ Kd6 50. Rf1 Rhh2 51. Nd3 Rd2 52. Rf3
d4 (52... d4 $1 53. cxd4 Kd5 54. Kc1 Ke4 55. Ne1 Rxb2 $19) 0-1

[Event "Foros Aerosvit"]
[Site "Foros"]
[Date "2007.06.20"]
[Round "3"]
[White "Shirov, Alexei"]
[Black "Van Wely, Loek"]
[Result "0-1"]
[WhiteElo "2699"]
[BlackElo "2674"]
[Annotator "Ftacnik,L"]
[PlyCount "58"]
[EventDate "2007.06.18"]
[EventType "tourn"]
[EventRounds "11"]
[EventCountry "UKR"]
[EventCategory "18"]
[SourceTitle "CBM 119"]
[Source "ChessBase"]
[SourceDate "2007.08.01"]
[SourceVersion "1"]
[SourceVersionDate "2007.08.01"]
[SourceQuality "1"]

1. e4 c5 2. Nf3 d6 3. d4 cxd4 4. Nxd4 Nf6 5. Nc3 a6 6. Bg5 e6 7. f4 Nbd7 8. Qf3
Qc7 9. O-O-O b5 10. Bd3 Bb7 11. Rhe1 Be7 12. Qg3 b4 13. Nd5 $5 exd5 14. exd5
Kd8 15. Nc6+ Bxc6 16. dxc6 Nc5 17. Bc4 {[%mdl 4] Shirov is cultivating an old
love of irrational positions, but these days with computers players can have a
very concrete knowledge. The move with bishop is usually tried on the other
side of the board 17.Bh4.} Nfe4 (17... h6 18. Bh4 Nce4 19. Bxf6 Nxg3 20. Bxe7+
Qxe7 21. Rxe7 Kxe7 22. hxg3 Rac8 $15) 18. Qe3 $2 {Despite a huge investment of
time and energy White was not able to come up with any miracle and the ground
will soon shift under his feet.} (18. Bxe7+ Qxe7 19. Qxg7 Kc7 20. Bd5 Qf6 21.
Qxf6 Nxf6 22. Re7+ Kb6 23. Bf3 d5 $15) 18... f5 (18... Bxg5 19. fxg5 Qe7 20.
Rd5 Rc8 21. Rxc5 dxc5 22. Rd1+ Ke8 $15) (18... f6 $5 19. Bh4 f5 $17) 19. g4 (
19. Bxe7+ Qxe7 20. g4 g6 21. gxf5 gxf5 22. Qd4 Re8 $17) (19. Qxc5 $2 Nxc5 20.
Rxe7 Qxe7 21. Rxd6+ Ke8 22. Bxe7 Kxe7 23. Rd5 Ne4 $19) 19... g6 (19... Bxg5 $6
20. fxg5 Qe7 21. h4 $15) 20. gxf5 gxf5 21. Rd5 (21. Kb1 Re8 22. Bf7 Bxg5 23.
Bxe8 Bh4 24. Rg1 Qe7 $17) 21... Bxg5 22. fxg5 Rf8 23. Rf1 Qxc6 $1 {Van Wely
has very correctly sensed that it is necessary to eliminate the pesky pawn on
c6. The queen is coming back to the center via e8 square to become a main
heroine of the game.} (23... Qc8 $2 24. Rxd6+ Nxd6 25. Qxc5 Kc7 26. Rd1 Rd8 27.
Qa5+ Kxc6 28. Bd5+ Kd7 29. Bxa8 Qxa8 30. Qxf5+ Kc7 31. Qa5+ $11) 24. Rdxf5 Rxf5
25. Rxf5 Qe8 (25... Rc8 26. Bd5 Qe8 27. Qe2 Nf6 28. Qxe8+ Nxe8 $17) 26. Rf7 (
26. Bf7 Qe7 27. Bd5 Rc8 28. h4 Qe8 $17) 26... Rc8 27. Rxh7 Qe5 {The roles are
completely reversed and the safety of the king became the main worry for the
white player.} 28. g6 (28. Rf7 d5 29. g6 Na4 30. c3 bxc3 31. b3 Qxh2 $19) 28...
Na4 $1 29. g7 (29. Rh8+ Qxh8 30. Qxe4 Qxb2+ 31. Kd2 Qc3+ $19) 29... Qxb2+ (
29... Qxb2+ 30. Kd1 Nac3+ 31. Ke1 Qa1+ 32. Qc1 Qxc1#) 0-1

[Event "Moscow Aeroflot op-A"]
[Site "Moscow"]
[Date "2007.02.14"]
[Round "1"]
[White "Mamedov, Rauf"]
[Black "Areshchenko, Alexander"]
[Result "0-1"]
[WhiteElo "2566"]
[BlackElo "2644"]
[Annotator "Ftacnik,L"]
[PlyCount "74"]
[EventDate "2007.02.14"]
[EventType "swiss"]
[EventRounds "9"]
[EventCountry "RUS"]
[SourceTitle "CBM 117"]
[Source "ChessBase"]
[SourceDate "2007.03.30"]
[SourceVersion "1"]
[SourceVersionDate "2007.03.30"]
[SourceQuality "1"]

1. e4 c5 2. Nf3 d6 3. d4 cxd4 4. Nxd4 Nf6 5. Nc3 a6 6. Bg5 e6 7. f4 h6 8. Bh4
Be7 9. Qf3 Nbd7 10. O-O-O Qc7 11. Bd3 g5 12. fxg5 Ne5 13. Qe2 Nfg4 14. Nf3 hxg5
15. Bxg5 Bxg5+ 16. Nxg5 Qc5 17. Nh3 b5 {White is ready to suffer positionally
for his extra pawn. Mamedov will have to play very well to untangle his pieces.
} (17... Bd7 18. Rd2 (18. Qd2 Rc8 19. Rde1 b5 20. Nd1 d5 21. exd5 Qxd5 22. Kb1
Nxd3 23. cxd3 b4 24. Nf4 Qd6 25. h3 Ne5 26. Ne3 Nf3 27. gxf3 Qxf4 {1/2 Ivkov,
B-Tatai,S/Imperia 1967/}) 18... b5 19. Kb1 b4 20. Nd1 Ke7 21. Nhf2 Nxh2 22. Ne3
Rag8 23. Nh3 Nhg4 24. Nxg4 Rxg4 25. Bxa6 Bc6 26. Rhd1 Rxe4 {0-1 Brandenburg,D 
(2371)-Zhigalko,A (2526)/Hengelo 2005/ (44)}) 18. Kb1 (18. Rdf1 Bd7 19. Nd1
Nxd3+ 20. Qxd3 Ne5 21. Qe2 Rc8 22. Kb1 Rg8 23. Nf4 b4 24. Nf2 Bb5 25. N2d3 {
1-0 Rohde,T (2185)-Boss,I (1802)/Werfen Essen 2002/ (30)}) 18... Bb7 19. Rde1 (
19. a3 O-O-O 20. Rdf1 Kb8 $11) 19... O-O-O 20. a4 (20. a3 Kb8 $11) 20... bxa4
21. Nxa4 {The player with a spare pawn believes in justice of his cause and
bravely avoids equality.} (21. Bxa6 a3 22. Qb5 Qxb5 23. Bxb5 axb2 $11) 21...
Qa5 22. b3 (22. Nc3 Kb8 23. Bc4 Rc8 $13) 22... Kb8 23. Nb2 Rc8 24. Nf2 (24. Nc4
Nxc4 25. Bxc4 Ne5 26. Bd3 Rc5 $15) 24... Nxf2 25. Qxf2 Qb4 (25... Rhg8 26. Rhg1
$14) 26. Qe2 (26. Qe3 $5 Rc5 27. Re2 Ra5 28. Qd2 Qa3 29. Na4 Rxa4 30. bxa4 Ka8
31. Qc1 Qxa4 32. Qb2 Rb8 33. Kc1 f5 34. Rhe1 Nxd3+ 35. cxd3 Bxe4 36. Qc3 Bd5
37. g3 $13) 26... Rc5 27. Rd1 {Many players would feel insecure due to black
attack and would seek the way out with 27.Bxa6!?} (27. Bxa6 $5 Bxa6 28. Qxa6
Ra5 29. c3 $1 Qc5 (29... Qxc3 30. Qb6+ Ka8 31. Rc1 Nd7 32. Rxc3 Nxb6 33. h4 $16
) 30. b4 Qxb4 31. cxb4 Rxa6 $11) 27... Ra5 28. Qd2 Qa3 29. Na4 Rxa4 (29... Nxd3
30. Qxd3 (30. Qxa5 $2 Nb4 $19) 30... Rhh5 31. Qxd6+ Qxd6 32. Rxd6 Bxe4 33. Rd2
$14) 30. bxa4 Ka8 31. Qc1 (31. c3 $2 Rb8 32. Kc2 Nc4 $19) 31... Qxa4 32. Qb2
Rb8 33. Kc1 f5 $1 {Areschenko has to play forcefully in order to find
compensation for his missing exchange.} 34. Be2 (34. exf5 Bxg2 35. Qc3 Bxh1 36.
Rxh1 Qf4+ $19) (34. Rhe1 fxe4 35. Bf1 Bd5 36. Qc3 Nc6 37. Kd2 $13) 34... Qxe4 (
34... Bxe4 35. Qc3 Bxg2 36. Rhe1 $13) 35. Rd2 Qe3 36. Qa1 $1 Bc8 (36... Rg8 37.
Bxa6 Bxg2 38. Rhd1 $13) 37. Re1 (37. Bxa6 $1 Qa7 38. Rxd6 Nc4 39. Rhd1 Nxd6 40.
Rxd6 Qe3+ 41. Rd2 $11) 37... d5 $138 {The final moves were influenced by the
time trouble, in the unclear position white lost on time.} (37... d5 38. Rf1
Rb6 39. h4 $13) 0-1